000
00305nam a2200121Ia 4500
008
190216s9999||||xx |||||||||||||| ||und||
100
_a
Tyagi D C
245
0
_a
Nuclear Physics Revised&Enlarged Edn.
260
_b
Himalaya Publishing House
_c
2013
300
_a
783
650
_a
Nuclear Physics
942
_c
BK
999
_c
3564
_d
3564